الإبداع والتأثير / (رقم التسجيلة. 134391)
[ عرض عادي ]
| 000 -الفاتح | |
|---|---|
| عناصر البيانات ثابتة الطول | 00688cam a2200205 i 4500 |
| 005 - تاريخ ووقت آخر معاملة | |
| حقل ضبط | 20251108175441.0 |
| 008 - عناصر البيانات ثابتة الطول | |
| عناصر البيانات ثابتة الطول | 250721s2016 jo gr 000 0 ara d |
| 020 ## - الترقيم الدولي المعياري للكتب (ردمك) | |
| الترقيم الدولي المعياري للكتب (ردمك) | 9789957515140 |
| 082 14 - رقم تصنيف ديوي العشري | |
| رقم التصنيف | 153.35 |
| رقم المادة | ب ر غ |
| 100 1# - مدخل رئيسي – اسم شخصي | |
| الاسم الشخصي | البرغوثي، بشير |
| علاقة الشخص بالعمل/ دوره | مؤلف. |
| 245 12 - بيان العنوان | |
| العنوان | الإبداع والتأثير / |
| بيان المسؤولية | تأليف بشير شريف البلرغوثي. |
| 246 11 - الأشكال المختلفة للعنوان | |
| العنوان الفعلي/العنوان المختصر | Creativity and influence |
| 264 31 - بيانات النشر، التوزيع…إلخ | |
| مكان النشر، التوزيع...إلخ | عمان : |
| اسم الناشر، الموزع...إلخ | دار الخليج للصحافة والنشر، |
| تاريخ النشر، التوزيع...إلخ | 2016. |
| 300 ## - الوصف المادي | |
| عدد الوحدات المكونة للوعاء | 163 صفحة. |
| 650 17 - مدخل إضافي بالموضوع - مصطلح موضوعي | |
| مصطلح موضوعي أو اسم جغرافي كعنصر مدخل | الإبداع. |
| 650 17 - مدخل إضافي بالموضوع - مصطلح موضوعي | |
| مصطلح موضوعي أو اسم جغرافي كعنصر مدخل | علم النفس. |
| 650 17 - مدخل إضافي بالموضوع - مصطلح موضوعي | |
| مصطلح موضوعي أو اسم جغرافي كعنصر مدخل | الإنفعالات. |
| 942 ## - بيانات إضافية (كوها) | |
| نوع التنصيف | Dewey Decimal Classification |
| نوع المادة (كوها) | كتب |
| حالة السحب | حالة الفقدان | مصدر التصنيف | حالة التلف | غير قابل للإعارة | المكتبة الرئيسية | المكتبة الحالية | موقع الرف | تاريخ التزويد | الرقم المتسلسل | Total Checkouts | رقم الإستدعاء | الباركود | تاريخ آخر ظهور | تاريخ الفاتورة | نوع المادة (كوها) |
|---|---|---|---|---|---|---|---|---|---|---|---|---|---|---|---|
| Dewey Decimal Classification | المكتبة المركزية | المكتبة المركزية | الإعارة | 28/07/2025 | 1623761 | 153.35 / ب ر غ | PLD00380731 | 28/07/2025 | 28/07/2025 | كتب | |||||
| Dewey Decimal Classification | مكتبة أبو علندا العامة | مكتبة أبو علندا العامة | الإعارة | 20/03/2016 | 1623764 | 153.35/برغ | PLD00381404 | 28/07/2025 | 20/03/2016 | كتب | |||||
| Dewey Decimal Classification | مكتبة حمزة العامة | مكتبة حمزة العامة | الإعارة | 20/03/2016 | 1623765 | 153.35/برغ | PLD00381405 | 28/07/2025 | 20/03/2016 | كتب | |||||
| Dewey Decimal Classification | مكتبة صويلح العامة | مكتبة صويلح العامة | الإعارة | 20/03/2016 | 1623762 | 153.35/برغ | PLD00381402 | 28/07/2025 | 20/03/2016 | كتب | |||||
| Dewey Decimal Classification | مكتبة وادي السير العامة | مكتبة وادي السير العامة | الإعارة | 20/03/2016 | 1623763 | 153.35/برغ | PLD00381403 | 28/07/2025 | 20/03/2016 | كتب |